00270nam a2200097Ia 4500008004100000100001700041245003000058260003200088300000900120650004300129190216s9999||||xx |||||||||||||| ||und|| aRaja Raman V 0aFundamentals Of Computers bPentice Hall Of Indiac1985 a288p a"Computer Programming. Programs, Data"